Príprava Zn-modifikovaných zeolitov ZSM-5 iónovou výmenou v pevnej fáze

Uložené v:
Podrobná bibliografia
Hlavný autor: Moravanský, Ladislav (Autor)
Médium: Rukopis Kniha
Jazyk:Slovak
Vydavateľské údaje: Bratislava : STU v Bratislave ChtF, 1999
Vydanie:Obháj.: 7.6.1999
Tagy: Pridať tag
Žiadne tagy, Buďte prvý, kto otaguje tento záznam!

MARC

LEADER 00000ntm a22000003a 4500
001 stu49940
005 20150617225708.1
008 990616s1999------------------------slo-d
040 |a STU  |b slo 
041 0 |a slo 
100 1 |a Moravanský, Ladislav  |4 aut 
245 1 |a Príprava Zn-modifikovaných zeolitov ZSM-5 iónovou výmenou v pevnej fáze 
250 |a Obháj.: 7.6.1999 
260 |a Bratislava :  |b STU v Bratislave ChtF,  |c 1999 
300 |a 59 s 
500 |a Tab.,grafy,lit. 
996 |b 284C008360  |c C*D12715  |l CCI  |s A  |a 24  |w stu49940_0001